01462nam a2200265 a 45000010005000000030009000050080041000140400028000550820019000831000028001022450050001302500007001802600053001873000015002405900032002556500018002879420012003059990017003179520139003349520138004739520138006119520138007499520156008879520153010436904CO-ViMGA141112s2004 ck r 000 u spa d aCO-ViMGAbspacCO-ViMGA04aR796.357 P373b1 aPerea, Rosero Tucidides10aBeisbol : breglamentos deportivos ilustrados a3a aSantafé de Bogotá : bPanAméricana, c1996 a232 p : il aDatos de inventario : 0546214aBEISBOL94050 2ddccBK c10163d10163 00102ddc4051718001aMEVIGACOMbMEVIGACOMd2016-02-23hvol.1l0oR796.357 P373bp29715r2016-02-23 00:00:00tEj. 2w2016-02-23yBK 00102ddc4051718001aMEVIGACOMbMEVIGACOMd2016-02-23hvol.2l0oR796.357 P373bp5422r2017-08-04 00:00:00tEj. 2w2016-02-23yBK 00102ddc4051718001aMEVIGACOMbMEVIGACOMd2016-02-23hvol.3l0oR796.357 P373bp5423r2017-08-04 00:00:00tEj. 2w2016-02-23yBK 00102ddc4051718001aMEVIGACOMbMEVIGACOMd2016-02-23hvol.4l0oR796.357 P373bp5430r2017-08-04 00:00:00tEj. 2w2016-02-23yBK 00102ddc40708001aMEVIGAPORbMEVIGAPORd2015-12-04hVolumen. 1 | 11/jun/2009l0oR796.357 P373b p69041r2017-06-09 00:00:00tEj. 1w2015-12-04yBK 00102ddc40708003aMEVIECARbMEVIECARd2015-12-04hVolumen. 1 | 11/jun/2009l0oR796.357 P373b p6904r2015-12-04 00:00:00tEj. 1w2015-12-04yBK